|
|
|
|
| LEADER |
00816nam a2200229 a 4500 |
| 001 |
00024443 |
| 008 |
120209s2008 ii 000 0 eng |
| 020 |
|
|
|a 9788182202841 (Set)
|
| 020 |
|
|
|a 978818220285x (Vol. 1)
|
| 040 |
|
|
|a BD-DhAAL
|c BD-DhAAL
|
| 082 |
0 |
0 |
|a 551.6
|2 22
|
| 100 |
1 |
|
|a Malhotra, Ravi.
|
| 245 |
1 |
0 |
|a Global Warming,
|n Vol. 1 /
|c Ravi Malhotra
|
| 260 |
|
|
|a New Delhi :
|b Global Vision Publishing House,
|c 2008.
|
| 300 |
|
|
|a x, 319 p. ;
|c 22 cm.
|
| 362 |
0 |
|
|a Vol. 1
|
| 541 |
|
|
|e 00024443
|
| 650 |
|
0 |
|a Global warming.
|
| 650 |
|
0 |
|a Climatic changes.
|
| 852 |
1 |
|
|a Ayesha Abed Library
|c General shelf.
|
| 999 |
|
|
|c 11868
|d 11868
|
| 952 |
|
|
|0 0
|1 0
|4 0
|6 551_600000000000000_MAL
|7 0
|9 19396
|a BRACUL
|b BRACUL
|c GEN
|d 2012-02-09
|e Book Web
|g 1600.00
|l 2
|o 551.6 MAL
|p 3010024443
|r 2024-01-21
|s 2023-12-27
|t 1
|w 2012-02-09
|y BK
|x Available
|